Движение искусственного спутника в нецентральном поле тяготения

Λεπτομέρειες βιβλιογραφικής εγγραφής
Κύριος συγγραφέας: Демин В. Г. Владимир Григорьевич
Περίληψη:80-летию автора посвящается.
В книге излагаются аналитические и качественные методы исследования движения искусственных спутников в нецентральном поле тяготения, способы построения промежуточных орбит спутника осесимметричной планеты. Основное внимание уделяется задаче двух неподвижных центров и ее модификациям, нашедшим применение в небесной баллистике. Дается классификация форм движения в этой задаче и подробно изучается наиболее важный класс спутниковых траекторий. Приводятся рабочие формулы, пригодные для долгосрочного прогнозирования движения искусственных спутников. Кроме того, рассматривается ограниченная круговая задача трех тел и некоторые модельные задачи небесной баллистики. Книга также содержит необходимые сведения из теории ньютоновского потенциала, аналитической динамики и качественных методов небесной механики. Она будет полезна научным работникам, преподавателям, аспирантам и студентам.
Γλώσσα:Ρωσικά
Έκδοση: Москва, Регулярная и хаотическая динамика, 2010
Θέματα:
Μορφή: Βιβλίο
KOHA link:https://koha.lib.tpu.ru/cgi-bin/koha/opac-detail.pl?biblionumber=193734

MARC

LEADER 00000nam0a2200000 4500
001 193734
005 20231101224518.0
010 |a 9785939728515 
035 |a (RuTPU)RU\TPU\book\211281 
090 |a 193734 
100 |a 20110328d2010 km y0rusy50 ca 
101 0 |a rus 
102 |a RU 
105 |a a z 011zy 
200 1 |a Движение искусственного спутника в нецентральном поле тяготения  |f В. Г. Демин 
210 |a Москва  |a Ижевск  |c Регулярная и хаотическая динамика  |c Изд-во Ижевского института компьютерных исследований  |d 2010 
215 |a 420 с.  |c ил. 
300 |a 80-летию автора посвящается. 
320 |a Библиогр.: с. 343-352. 
330 |a В книге излагаются аналитические и качественные методы исследования движения искусственных спутников в нецентральном поле тяготения, способы построения промежуточных орбит спутника осесимметричной планеты. Основное внимание уделяется задаче двух неподвижных центров и ее модификациям, нашедшим применение в небесной баллистике. Дается классификация форм движения в этой задаче и подробно изучается наиболее важный класс спутниковых траекторий. Приводятся рабочие формулы, пригодные для долгосрочного прогнозирования движения искусственных спутников. Кроме того, рассматривается ограниченная круговая задача трех тел и некоторые модельные задачи небесной баллистики. Книга также содержит необходимые сведения из теории ньютоновского потенциала, аналитической динамики и качественных методов небесной механики. Она будет полезна научным работникам, преподавателям, аспирантам и студентам. 
606 1 |a Искусственные спутники Земли  |x Движение  |2 stltpush  |3 (RuTPU)RU\TPU\subj\13175  |9 39826 
606 1 |a Твердые тела  |x Динамика  |2 stltpush  |3 (RuTPU)RU\TPU\subj\58648 
606 1 |a Притяжения теория  |2 stltpush  |3 (RuTPU)RU\TPU\subj\51721  |9 70286 
610 1 |a аналитическая динамика 
610 1 |a твердое тело 
610 1 |a ньютоновское притяжение 
610 1 |a промежуточные орбиты 
610 1 |a построение 
610 1 |a движение 
610 1 |a качественный анализ 
610 1 |a искусственные небесные тела 
610 1 |a спутники 
610 1 |a устойчивость 
610 1 |a формы 
675 |a 629.783  |v 3 
675 |a 531.2  |v 3 
700 1 |a Демин  |b В. Г.  |g Владимир Григорьевич 
801 1 |a RU  |b 63413507  |c 20110328 
801 2 |a RU  |b 63413507  |c 20160129  |g RCR 
942 |c BK